| 000 | 00762nam a2200277Ia 4500 | ||
|---|---|---|---|
| 008 | 170203s9999 xx 000 0 und d | ||
| 020 | _a0-736423710 | ||
| 050 | _aFic | ||
| 050 | _b.T487t 2006 | ||
| 100 | _aThorpe, Kiki. | ||
| 245 | 4 | _aThe trouble with Tink / | |
| 245 | _cwritten by Kiki Thorpe ; illustrated by Judith Holmes Clarke & the Disney Storybook artists. | ||
| 260 | _aNew York : | ||
| 260 | _b Random House. | ||
| 260 | _c2006 | ||
| 300 | _a109 pages; | ||
| 300 | _bcolor illustrations ; | ||
| 300 | _c20 cm. | ||
| 440 | _aDisney fairies. | ||
| 650 | _a Fairies -- | ||
| 650 | _aFriendship -- | ||
| 650 | _aLost articles -- | ||
| 650 | _xJuvenile fiction. | ||
| 650 | _xJuvenile fiction. | ||
| 650 | _xJuvenile fiction. | ||
| 999 |
_c306148 _d306148 |
||